000 01041nmm a2200289 a 4500
001 ocm000655853
003 TR-IsHL
005 20201028132910.0
008 131030s2011 tu tur
007 cr cn
020 _a9786054383061
035 _a655853
_b(N$T)
050 0 4 _aHF5770
_b.B37 2011
090 0 4 _aHF5770
_b.B37 2011
245 1 0 _aBasım, yayın, ambalaj ve reklam: sektör raporu 2010
_h[electronic resource] /
_chazırlayan: Hikmet Baydar
260 _aİstanbul :
_bMÜSİAD,
_c2011
300 _a56 p.
650 4 _aDil ve Edebiyat
650 4 _aLanguage and Literature
650 0 _aYayıncılık
_x Türkiye
_x Raporlar
_x 2010
650 0 _aPublishing
_x Turkey
_x Reports
_x 2010
650 0 _aBasım endüstrisi
_xTürkiye
_xRaporlar
_x2010
650 0 _aPublishing industry
_x Turkey
_x Reports
_x 2010
650 7 _aLANGUAGE ARTS & DISCIPLINES / Publishing
_2bisacsh
700 1 _aBaydar, Hikmet
856 4 0 _uhttp://search.ebscohost.com/login.aspx?direct=true&scope=site&db=e011xww&AN=655853
999 _c5344
_d5344